[Event "Indywidualne Mistrzostwa Polski Juniorow do lat 18 - Dziewczeta"]
[Site "Szklarska Poreba"]
[Date "1899-12-30"]
[Round "5.18"]
[White "Zamarska, Sylwia"]
[Black "Borek, Dominika"]
[Result "1/2-1/2"]
[WhiteTitle "I++"]
[BlackTitle "I"]
[WhiteElo "1657"]
[BlackElo "1282"]

1. d4 Nf6 2. Bf4 g6 3. Nc3 Bg7 4. Qd2 d5 5. Nf3 b6 6. Bh6 O-O 7. h4 Bxh6 8. Qxh6
Ng4 9. Qd2 h5 10. e3 Bb7 11. Be2 Nc6 12. Nh2 Nxh2 13. Rxh2 e5 14. O-O-O exd4 15.
exd4 Kg7 16. f3 Rh8 17. Qf4 Qe7 18. Bb5 Nd8 19. g3 Ne6 20. Qe5+ Qf6 21. f4 c6
22. Bf1 Rae8 23. Re2 Ba6 24. Ree1 Bxf1 25. Rxf1 Nd8 26. Qxf6+ Kxf6 27. Rde1 Ne6
28. Ne2 Ng7 29. Kd2 Nf5 30. Rf3 Re7 31. Rc3 Re6 32. Rf3 Rhe8 33. c3 1/2-1/2

[Event "Indywidualne Mistrzostwa Polski Juniorow do lat 18 - Dziewczeta"]
[Site "Szklarska Poreba"]
[Date "1899-12-30"]
[Round "5.19"]
[White "Bohdanowicz, Nikola"]
[Black "Dixa, Joanna"]
[Result "0-1"]
[WhiteTitle "I"]
[BlackTitle "I"]
[WhiteElo "1402"]
[BlackElo "1337"]

1. d4 d5 2. Nf3 e6 3. Bf4 Bd6 4. Bg3 Nf6 5. e3 O-O 6. c4 c6 7. Nc3 b6 8. cxd5 exd5
9. Bd3 Re8 10. O-O Bxg3 11. hxg3 Bg4 12. Qc2 Nbd7 13. Rac1 Qe7 14. Ne2 c5 15.
b3 Rac8 16. Qb2 Ne4 17. Bb5 Red8 18. Bxd7 Bxd7 19. Nf4 Be6 20. Rfd1 Qf6 21. Qa3
Rc7 22. Ne5 g5 23. Nfd3 c4 24. bxc4 dxc4 25. Rf1 Rdc8 26. Nb4 a5 27. Nc2 c3 28.
Nf3 Nd2 29. Rfd1 Bg4 30. Nce1 Nxf3+ 31. Nxf3 Bxf3 32. gxf3 Qxf3 33. Rd3 c2 34.
Rd2 Rc6 35. Qb2 Rh6 36. Rdxc2 Rh1# 0-1

[Event "Indywidualne Mistrzostwa Polski Juniorow do lat 18 - Dziewczeta"]
[Site "Szklarska Poreba"]
[Date "1899-12-30"]
[Round "6.1"]
[White "Sowa, Wiktoria"]
[Black "Kucharska, Honorata"]
[Result "0-1"]
[WhiteTitle "k"]
[BlackTitle "WFM"]
[WhiteElo "1954"]
[BlackElo "2089"]

1. e4 e5 2. Nf3 Nc6 3. Bb5 g6 4. d4 exd4 5. Nxd4 Bg7 6. Be3 Nf6 7. Nc3 O-O 8. O-O
Ng4 9. Qxg4 Nxd4 10. Bd3 Nc6 11. Bg5 f6 12. Bf4 Ne5 13. Qe2 d6 14. Rad1 Kh8 15.
Bg3 f5 16. Bxe5 Bxe5 17. f4 Bg7 18. Qf3 c6 19. exf5 Bxf5 20. Kh1 d5 21. Bxf5 gxf5
22. Ne2 Qb6 23. b3 Rae8 24. Ng3 Qc5 25. Rd2 Re3 26. Qh5 d4 27. Re2 Qd5 28. Rfe1
Qc5 29. Rd1 a5 30. Rxe3 dxe3 31. Qe2 Bh6 32. Rd7 b5 33. h3 Rg8 34. Qh5 Qb4 35.
c3 Qxc3 36. Ne2 Qe1+ 37. Kh2 Qf2 38. Qf3 Qxf3 39. gxf3 Re8 40. Rd6 Bf8 41. Rxc6
a4 42. Rf6 Rd8 43. bxa4 bxa4 44. Rxf5 Bh6 45. Kg3 Rd2 46. Nc3 Bg7 47. Nxa4 e2
48. Kf2 Bd4+ 49. Ke1 Rxa2 50. Rf8+ Kg7 51. Ra8 Bf6 52. Ra7+ Kg6 53. Ra6 Kf5 54.
Rxf6+ Kxf6 55. Nc3 Ra3 56. Ne4+ Kf5 57. Kxe2 Kxf4 58. Nf6 h6 59. Ng4 h5 60. Nf6
h4 61. Nh5+ Kg5 62. Ng7 Ra6 63. Kf2 Kg6 64. Ne8 Rc6 65. f4 Kf7 66. Kf3 Kxe8 67.
Kg4 Rc4 0-1

[Event "Indywidualne Mistrzostwa Polski Juniorow do lat 18 - Dziewczeta"]
[Site "Szklarska Poreba"]
[Date "1899-12-30"]
[Round "6.2"]
[White "Kaczmarska, Joanna"]
[Black "Swiech, Joanna"]
[Result "0-1"]
[WhiteTitle "k+"]
[BlackTitle "k"]
[WhiteElo "2048"]
[BlackElo "1921"]

1. e4 c6 2. d4 d5 3. exd5 cxd5 4. Bd3 Nc6 5. c3 Nf6 6. h3 e6 7. Bf4 Bd6 8. Bxd6
Qxd6 9. Ne2 O-O 10. f4 Ne4 11. Bxe4 dxe4 12. Nd2 f5 13. Nc4 Qe7 14. Qd2 b5 15.
Ne5 Bb7 16. Nxc6 Bxc6 17. Qe3 Bd5 18. O-O Qb7 19. g4 Rac8 20. b3 a5 21. Rab1 Qa6
22. g5 a4 23. Ra1 Ra8 24. c4 bxc4 25. b4 a3 26. Nc3 Bc6 27. Rab1 Rab8 28. Rfd1
Rfd8 29. h4 Rb6 30. h5 Qb7 31. b5 Bd5 32. Rb4 Qf7 33. Qe2 Qe7 34. Rdb1 h6 35.
Na4 Rbb8 36. Qe3 hxg5 37. Nc5 gxf4 38. Qxf4 c3 39. Rc1 Qe8 40. Na6 Rb7 41. Qg5
Rc8 42. Nc5 Rf7 43. h6 Kh7 44. Kf2 gxh6 45. Qh5 Rg7 46. Qxe8 Rxe8 47. Ke3 Rg4
48. b6 f4+ 49. Ke2 Rg2+ 50. Kf1 Reg8 51. Nxe4 Bxe4 52. Re1 Rg1+ 53. Ke2 R8g2+
54. Kd1 c2+ 0-1

[Event "Indywidualne Mistrzostwa Polski Juniorow do lat 18 - Dziewczeta"]
[Site "Szklarska Poreba"]
[Date "1899-12-30"]
[Round "6.3"]
[White "Raczykowska, Paulina"]
[Black "Rudzinska, Michalina"]
[Result "1/2-1/2"]
[WhiteTitle "k"]
[BlackTitle "WFM"]
[WhiteElo "1936"]
[BlackElo "2065"]

1. e4 c5 2. Nf3 e6 3. d4 cxd4 4. Nxd4 a6 5. Bd3 Bc5 6. Nb3 Ba7 7. Qe2 Nc6 8. Be3
Nge7 9. Nc3 Bxe3 10. Qxe3 d6 11. O-O O-O 12. Rad1 Qc7 13. f4 f5 14. exf5 Nxf5
15. Bxf5 Rxf5 16. Ne4 d5 17. Ng3 Rf8 18. c3 Bd7 19. Nc5 Rae8 20. Nd3 Na5 21. Rf2
Nc4 22. Qd4 Re7 23. Re1 Ref7 24. Ne5 Nxe5 25. Rxe5 b5 26. Ne2 a5 27. a3 Qb8 28.
Qe3 b4 29. axb4 axb4 30. Nd4 bxc3 31. bxc3 Rf6 32. Nxe6 Bxe6 33. Rxe6 Rxf4 34.
Rxf4 Qxf4 35. Qxf4 Rxf4 36. Re5 Rc4 1/2-1/2

[Event "Indywidualne Mistrzostwa Polski Juniorow do lat 18 - Dziewczeta"]
[Site "Szklarska Poreba"]
[Date "1899-12-30"]
[Round "6.4"]
[White "Skiba, Aleksandra"]
[Black "Szelag, Zuzanna"]
[Result "0-1"]
[WhiteTitle "I++"]
[BlackTitle "k"]
[WhiteElo "1743"]
[BlackElo "1977"]

1. d4 Nf6 2. Nf3 g6 3. c4 Bg7 4. Nc3 d6 5. e4 O-O 6. Be2 e5 7. O-O Nc6 8. d5 Ne7
9. b4 Nd7 10. Be3 f5 11. Ng5 Nf6 12. c5 h6 13. cxd6 cxd6 14. Ne6 Bxe6 15. dxe6
fxe4 16. Qd2 d5 17. Bxh6 e3 18. Qxe3 d4 19. Qxe5 Bxh6 20. Ne4 Nc6 21. Qg3 Kg7
22. Nc5 Ne7 23. Bd3 Qb8 24. Qh4 Qf4 25. Qh3 Bg5 26. a3 Qc7 27. g3 Rh8 28. Qg2
b6 29. Ne4 Nxe4 30. Bxe4 Raf8 31. f4 Bf6 32. Bd3 Qc3 33. Rfd1 Rc8 34. g4 g5 35.
Ra2 Qb3 36. Rad2 Qxe6 37. Re2 Qb3 38. Red2 Qxa3 39. b5 Rc1 40. Qf3 Rxd1+ 41. Rxd1
Qa2 42. h3 Qe6 43. Be4 Rc8 44. fxg5 Bxg5 45. Rf1 Qf6 46. Qa3 Qe5 47. Qf3 Qf6 48.
Qa3 Rc3 49. Rxf6 Rxa3 50. Rd6 Rxh3 51. Kg2 Rb3 52. Rd7 Rxb5 53. Rxa7 Rb2+ 54.
Kf3 Rb3+ 55. Kg2 d3 56. Rd7 d2 57. Bf3 b5 58. Kf2 b4 59. Ke2 Re3+ 60. Kf2 b3 61.
Bd1 b2 62. Bc2 Rc3 63. Be4 Rc1 64. Ke2 Re1+ 0-1

[Event "Indywidualne Mistrzostwa Polski Juniorow do lat 18 - Dziewczeta"]
[Site "Szklarska Poreba"]
[Date "1899-12-30"]
[Round "6.5"]
[White "Guzik, Natalia"]
[Black "Sliwicka, Alicja"]
[Result "0-1"]
[WhiteTitle "I++"]
[BlackTitle "WIM"]
[WhiteElo "1662"]
[BlackElo "2264"]

1. e4 e5 2. Nf3 Nc6 3. Bc4 Nf6 4. d3 h6 5. O-O d6 6. c3 g6 7. Nbd2 Bg7 8. Re1 O-O
9. Nf1 Qe7 10. Bb3 Nd8 11. Ng3 Ne6 12. d4 Nh7 13. Be3 Nhg5 14. Nxg5 hxg5 15. Bxe6
Bxe6 16. d5 Bd7 17. Qd2 g4 18. Bh6 Qh4 19. Bxg7 Kxg7 20. c4 f5 21. exf5 gxf5 22.
f4 gxf3 23. gxf3 Rh8 24. Re2 Kf7 25. Rg2 Rag8 26. Nf1 Qh3 27. Rg3 f4 28. Rg2 Rxg2+
29. Qxg2 Rg8 30. Ng3 fxg3 31. Qxh3 Bxh3 32. hxg3 Rxg3+ 33. Kh2 Rxf3 0-1

[Event "Indywidualne Mistrzostwa Polski Juniorow do lat 18 - Dziewczeta"]
[Site "Szklarska Poreba"]
[Date "1899-12-30"]
[Round "6.6"]
[White "Krzywnicka, Maria"]
[Black "Frej, Zofia"]
[Result "1/2-1/2"]
[WhiteTitle "I++"]
[BlackTitle "k"]
[WhiteElo "1703"]
[BlackElo "2010"]

1. e4 c6 2. d4 d5 3. exd5 cxd5 4. Bd3 Nc6 5. c3 e5 6. dxe5 Nxe5 7. Nf3 Nxd3+ 8.
Qxd3 Nf6 9. O-O Be7 10. Bf4 O-O 11. Nbd2 Be6 12. Nd4 Qb6 13. Qb5 Bc5 14. N2b3
Qxb5 15. Nxb5 Bb6 16. Bc7 Bxc7 17. Nxc7 Rac8 18. Nb5 a6 19. N5d4 b6 20. Rfe1 Rfe8
21. f3 Kf8 22. Kf2 g6 23. Re2 Ke7 24. Ke3 Kd6 25. Kd3 Nd7 26. Rae1 Nc5+ 27. Kc2
Bd7 28. Rxe8 Rxe8 29. Rxe8 Bxe8 30. Nc1 Ne6 31. Nce2 Bd7 32. Kd3 Nc5+ 33. Ke3
Be6 34. b3 1/2-1/2

[Event "Indywidualne Mistrzostwa Polski Juniorow do lat 18 - Dziewczeta"]
[Site "Szklarska Poreba"]
[Date "1899-12-30"]
[Round "6.7"]
[White "Michalska, Aleksandra"]
[Black "Gredka, Dominika"]
[Result "1/2-1/2"]
[WhiteTitle "I++"]
[BlackTitle "I++"]
[WhiteElo "1741"]
[BlackElo "1732"]

1. e4 c5 2. c4 Nc6 3. Nc3 g6 4. Nf3 Bg7 5. Be2 e6 6. h3 Nge7 7. O-O O-O 8. d3 d5
9. a3 d4 10. Na4 Qd6 11. Rb1 e5 12. b4 b6 13. bxc5 bxc5 14. Rb5 Ba6 15. Rb1 Rab8
16. Bg5 f6 17. Bh4 Rbe8 18. Nd2 Nd8 19. Nb3 Ne6 20. Qd2 Nc6 21. Bg3 f5 22. exf5
gxf5 23. Bf3 f4 24. Bh2 Ne7 25. Qe2 Rb8 26. Be4 Rf6 27. Nd2 Bc8 28. Rxb8 Qxb8
29. Rb1 Qc7 30. Nb2 Bd7 31. Nf3 Rf8 32. Nd1 1/2-1/2

[Event "Indywidualne Mistrzostwa Polski Juniorow do lat 18 - Dziewczeta"]
[Site "Szklarska Poreba"]
[Date "1899-12-30"]
[Round "6.8"]
[White "Moscicka, Pola"]
[Black "Dwilewicz, Agata"]
[Result "0-1"]
[WhiteTitle "k++"]
[BlackTitle "k"]
[WhiteElo "1994"]
[BlackElo "1674"]

1. e4 e5 2. Nf3 Nc6 3. Bb5 a6 4. Ba4 Nf6 5. d3 b5 6. Bb3 Be7 7. O-O O-O 8. a4 Bb7
9. Nbd2 d6 10. c3 Na5 11. Bc2 c5 12. Re1 Re8 13. Nf1 g6 14. h3 Nh5 15. N3h2 Qc7
16. Ne3 Nf4 17. Qf3 f5 18. Nd5 Nxd5 19. exd5 c4 20. Bh6 Bf8 21. Bg5 Qf7 22. axb5
Bxd5 23. Qd1 axb5 24. Nf3 h6 25. Be3 cxd3 26. Bxd3 Nc4 27. Bxc4 Bxc4 28. Nd2 Bd5
29. f3 Rxa1 30. Qxa1 Ra8 31. Qc1 Kh7 32. Nb1 Rc8 33. Qd2 Qb7 34. Na3 Bc6 35. Bf2
Re8 36. Nc2 d5 37. h4 f4 38. h5 gxh5 39. Ra1 Ra8 40. Re1 Re8 41. Na1 Qf7 42. Nb3
Bg7 43. Na5 Ba8 44. Qd3+ e4 45. Qxb5 Qg6 46. fxe4 dxe4 47. Bd4 f3 48. Qf1 Bxd4+
49. cxd4 e3 0-1

[Event "Indywidualne Mistrzostwa Polski Juniorow do lat 18 - Dziewczeta"]
[Site "Szklarska Poreba"]
[Date "1899-12-30"]
[Round "6.9"]
[White "Karlyk, Maria"]
[Black "Kulpa, Zuzanna"]
[Result "0-1"]
[WhiteTitle "I"]
[BlackTitle "I++"]
[WhiteElo "1725"]
[BlackElo "1870"]

1. e4 e5 2. d4 exd4 3. Qxd4 Nc6 4. Qe3 Nf6 5. Bd2 Bb4 6. Nc3 O-O 7. O-O-O Re8 8.
f3 d6 9. Na4 Bxd2+ 10. Qxd2 Be6 11. Kb1 Qe7 12. g4 d5 13. g5 Nh5 14. Bd3 g6 15.
Ne2 dxe4 16. fxe4 Rad8 17. Nac3 Ne5 18. Qc1 c6 19. h4 Bg4 20. Rhg1 Qe6 21. Qe3
Nf3 22. Rh1 Qe5 23. Rdf1 Nd4 24. Rhg1 Bxe2 25. Nxe2 Nxe2 26. Qxe2 Ng3 27. Qf2
Nxf1 28. Rxf1 Rf8 29. Qxa7 Qg3 30. Qf2 Qxf2 31. Rxf2 Kg7 32. Rf6 h6 33. a3 hxg5
34. hxg5 Rde8 35. Rd6 Re7 36. a4 Ra8 37. b3 Ra5 38. c4 Rxg5 39. b4 Rg2 40. a5
f5 0-1

[Event "Indywidualne Mistrzostwa Polski Juniorow do lat 18 - Dziewczeta"]
[Site "Szklarska Poreba"]
[Date "1899-12-30"]
[Round "6.10"]
[White "Leczek, Weronika"]
[Black "Choinska, Debora"]
[Result "1/2-1/2"]
[WhiteTitle "k"]
[BlackTitle "I++"]
[WhiteElo "1823"]
[BlackElo "1717"]

1. e4 e5 2. Nf3 Nf6 3. Nxe5 d6 4. Nf3 Nxe4 5. Nc3 Nxc3 6. dxc3 Be7 7. Be3 Nc6 8.
Qd2 Be6 9. Bb5 a6 10. Ba4 b5 11. Bb3 Qd7 12. O-O O-O 13. Bd5 Bxd5 14. Qxd5 Bf6
15. Bg5 Ne7 16. Qe4 d5 17. Qh4 Ng6 18. Qg3 Bxg5 19. Qxg5 Rfe8 20. Rfe1 c6 21.
Qg3 Rad8 22. Rad1 h6 23. h3 Kf8 24. Kf1 Rxe1+ 25. Rxe1 Qd6 26. Qg4 Qf4 27. Nd4
Qxg4 28. hxg4 c5 29. Nb3 Rc8 30. Rd1 Ne7 31. Ke2 Ke8 32. Nd2 Rd8 33. Nf3 Nc6 34.
Nh4 g6 35. Nf3 Ke7 36. Rh1 Rh8 37. Kd3 Ke8 38. g5 h5 39. g4 Ke7 40. Re1+ Kd7 41.
gxh5 Rxh5 1/2-1/2

[Event "Indywidualne Mistrzostwa Polski Juniorow do lat 18 - Dziewczeta"]
[Site "Szklarska Poreba"]
[Date "1899-12-30"]
[Round "6.11"]
[White "Orlik, Sandra"]
[Black "Trembowiecka-wysota, Aleksandra"]
[Result "1/2-1/2"]
[WhiteTitle "I++"]
[BlackTitle "I"]
[WhiteElo "1681"]
[BlackElo "1669"]

1. e4 c5 2. Nf3 d6 3. d4 cxd4 4. Qxd4 a6 5. c4 Nc6 6. Qe3 Nf6 7. h3 e6 8. Nc3 Be7
9. Be2 Qc7 10. O-O O-O 11. Rb1 Ne5 12. b3 Bd7 13. Rd1 Rfc8 14. Bb2 Nxf3+ 15. Bxf3
Rab8 16. Rbc1 Qa5 17. a3 b5 18. b4 Qd8 19. e5 Ne8 20. Ne4 bxc4 21. exd6 Bf8 22.
Bd4 a5 23. Bc5 axb4 24. axb4 f5 25. Ng5 Qf6 26. Nxe6 Bxe6 27. d7 Rd8 28. Bxf8
Kxf8 29. Qc5+ Qe7 30. dxe8=Q+ Rxe8 31. Bc6 Rxb4 32. Qa5 Rc8 33. Bd7 Bxd7 34. Rxd7
Qxd7 35. Qxb4+ Qe7 36. Rxc4 Qxb4 37. Rxb4 Kf7 38. f4 Rc3 39. Kf2 h6 40. Rb6 Rd3
1/2-1/2

[Event "Indywidualne Mistrzostwa Polski Juniorow do lat 18 - Dziewczeta"]
[Site "Szklarska Poreba"]
[Date "1899-12-30"]
[Round "6.12"]
[White "Buchta, Agnieszka"]
[Black "Trusz, Julia"]
[Result "1-0"]
[WhiteTitle "I++"]
[BlackTitle "I+"]
[WhiteElo "1792"]
[BlackElo "1635"]

1. e4 c5 2. Nf3 e6 3. d4 cxd4 4. Nxd4 Nc6 5. Nc3 a6 6. Nxc6 bxc6 7. e5 Qc7 8. f4
d5 9. exd6 Bxd6 10. Ne4 Be7 11. Bd3 Nf6 12. O-O O-O 13. Ng5 Rd8 14. Qe2 h6 15.
Nf3 Bb7 16. b3 c5 17. Ne5 Nd5 18. Bb2 Nb4 19. Bc4 Bd5 20. f5 Bxc4 21. Qxc4 Bf6
22. fxe6 1-0

[Event "Indywidualne Mistrzostwa Polski Juniorow do lat 18 - Dziewczeta"]
[Site "Szklarska Poreba"]
[Date "1899-12-30"]
[Round "6.13"]
[White "Pyzio, Amelia"]
[Black "Kindler, Karolina"]
[Result "0-1"]
[WhiteTitle "I++"]
[BlackTitle "I++"]
[WhiteElo "1760"]
[BlackElo "1604"]

1. e4 c5 2. Nf3 d6 3. d4 cxd4 4. Nxd4 Nf6 5. f3 e6 6. c4 a6 7. Be3 b6 8. Nc3 Bb7
9. Be2 Nbd7 10. O-O Be7 11. Rc1 O-O 12. Qd2 Qc7 13. Rfd1 Rac8 14. a3 Qb8 15. b4
Bd8 16. Nb3 Bc7 17. Bf4 Ne5 18. Bg3 Nh5 19. Bf2 Ng6 20. g3 d5 21. exd5 exd5 22.
Nxd5 Nxg3 23. hxg3 Bxg3 24. Qg5 Bf4 25. Qg4 Bxd5 26. Rxd5 Bxc1 27. Nxc1 Nf4 28.
Bd4 f6 29. Rd7 Rf7 30. Rxf7 Kxf7 31. c5 Nxe2+ 32. Nxe2 Re8 33. Nf4 bxc5 34. Qd7+
Kg8 35. Bxc5 Rd8 36. Qe6+ Kh8 37. Kg2 Qxf4 38. Qxa6 Rd2+ 39. Bf2 Qg5+ 40. Kf1
h6 41. Qe6 Qf4 42. Qc6 Rd3 43. Ke2 Rxa3 44. b5 Ra2+ 45. Kf1 Ra1+ 46. Ke2 Qe5+
47. Be3 Ra2+ 48. Kf1 Qxe3 49. Qc8+ Kh7 50. Qf5+ g6 51. Qd7+ Kh8 52. Qd8+ Kg7 53.
Qd7+ Kf8 54. Qd8+ Kf7 55. Qd5+ Qe6 56. Qb7+ Kf8 57. Qb8+ Kg7 58. Qc7+ Qf7 59.
Qc6 Ra1+ 60. Kf2 Qa2+ 0-1

[Event "Indywidualne Mistrzostwa Polski Juniorow do lat 18 - Dziewczeta"]
[Site "Szklarska Poreba"]
[Date "1899-12-30"]
[Round "6.14"]
[White "Surpeta, Julia"]
[Black "Koruch, Maria"]
[Result "0-1"]
[WhiteTitle "I++"]
[BlackTitle "I+"]
[WhiteElo "1583"]
[BlackElo "1685"]

1. d4 d5 2. Nc3 Nf6 3. Bf4 c6 4. e3 Bf5 5. f3 Nbd7 6. g4 Bg6 7. h4 h6 8. h5 Bh7
9. Bd3 Qb6 10. Nge2 e6 11. Bxh7 Nxh7 12. Qd3 Be7 13. Bg3 Ndf6 14. O-O-O c5 15.
Qb5+ Nd7 16. dxc5 Bxc5 17. Nd4 Nhf6 18. Rhe1 Rc8 19. Kb1 a6 20. Qxb6 Nxb6 21.
e4 Bb4 22. Re3 Bxc3 23. bxc3 dxe4 24. Bh4 Nfd5 25. fxe4 Nxe3 26. Rd3 Nec4 27.
Nb3 f6 28. Bf2 Rd8 29. Nc5 Kf7 30. a4 Rxd3 31. cxd3 Ne5 0-1

[Event "Indywidualne Mistrzostwa Polski Juniorow do lat 18 - Dziewczeta"]
[Site "Szklarska Poreba"]
[Date "1899-12-30"]
[Round "6.15"]
[White "Bilczewska, Olga"]
[Black "Sivickis, Wiktoria"]
[Result "1/2-1/2"]
[WhiteTitle "I+"]
[BlackTitle "I++"]
[WhiteElo "1670"]
[BlackElo "1611"]

1. e4 c5 2. c3 Nf6 3. e5 Nd5 4. d4 cxd4 5. cxd4 Nc6 6. Nf3 e6 7. Bc4 d6 8. Bxd5
exd5 9. O-O dxe5 10. Nxe5 Be6 11. Nxc6 bxc6 12. Qc2 Qb6 13. Be3 g6 14. Nc3 Bg7
15. Rfd1 O-O 16. Na4 Qb5 17. Nc5 Bf5 18. Qc3 Rab8 19. b3 Rfe8 20. Rac1 Qb4 21.
h3 Rec8 22. Qb2 Rb5 23. Qc3 Rbb8 24. Qb2 Rb5 25. Qc3 Rbb8 26. Qb2 Rb5 27. Qc3
Rbb8 28. Qb2 Rb5 29. Qc3 Rbb8 30. Qb2 Rb5 1/2-1/2

[Event "Indywidualne Mistrzostwa Polski Juniorow do lat 18 - Dziewczeta"]
[Site "Szklarska Poreba"]
[Date "1899-12-30"]
[Round "6.16"]
[White "Samujlo, Agnieszka"]
[Black "Ossolinska, Matylda"]
[Result "1/2-1/2"]
[WhiteTitle "I++"]
[BlackTitle "I+"]
[WhiteElo "1419"]
[BlackElo "1665"]

1. e4 e6 2. d4 d5 3. Nd2 dxe4 4. Nxe4 Nd7 5. Nf3 Ngf6 6. Nxf6+ Nxf6 7. Bd3 c5 8.
O-O Be7 9. dxc5 Bxc5 10. Bb5+ Bd7 11. Qd3 a6 12. Bxd7+ Qxd7 13. Qxd7+ Kxd7 14.
Ne5+ Ke7 15. Rd1 Rhd8 16. Bg5 h6 17. Bf4 g5 18. Bd2 Ne4 19. Be1 Rac8 20. Nd3 Bd6
21. Ba5 Bc7 22. Bb4+ Bd6 23. Ba5 Bc7 24. Bb4+ Bd6 25. Ba5 Bc7 1/2-1/2

[Event "Indywidualne Mistrzostwa Polski Juniorow do lat 18 - Dziewczeta"]
[Site "Szklarska Poreba"]
[Date "1899-12-30"]
[Round "6.17"]
[White "Dixa, Joanna"]
[Black "Borek, Dominika"]
[Result "0-1"]
[WhiteTitle "I"]
[BlackTitle "I"]
[WhiteElo "1337"]
[BlackElo "1282"]

1. e4 d5 2. exd5 Qxd5 3. Nc3 Qa5 4. d4 Nf6 5. Bd3 c6 6. h3 Bf5 7. Bxf5 Qxf5 8.
Qe2 e6 9. Nf3 Bb4 10. O-O Bxc3 11. bxc3 Nbd7 12. Ba3 Nd5 13. c4 Nf4 14. Qd2 c5
15. dxc5 Nxc5 16. Qd6 Rc8 17. Bxc5 Ne2+ 18. Kh1 Qxc5 19. Qd2 Qxc4 20. Ne5 Qb5
21. Qd6 Rd8 22. Qc7 O-O 23. Rfb1 Rc8 24. Qxc8 Qxb1+ 25. Rxb1 Rxc8 26. Rxb7 f6
27. Ng4 Rxc2 28. Rxa7 Nf4 29. a4 h5 30. Ne3 Rxf2 31. Ra8+ Kh7 32. a5 Ra2 33. a6
h4 34. Kg1 Nd3 35. Ng4 Ra1+ 36. Kh2 f5 37. Ne3 Ra2 38. Kg1 Ra1+ 39. Kh2 Nf4 40.
Nc2 Ra2 41. Ne3 Ne2 42. Nf1 Ra1 43. a7 f4 44. g3 fxg3+ 45. Kg2 Nf4+ 46. Kf3 g2
47. Nd2 g1=Q 0-1

[Event "Indywidualne Mistrzostwa Polski Juniorow do lat 18 - Dziewczeta"]
[Site "Szklarska Poreba"]
[Date "1899-12-30"]
[Round "6.18"]
[White "Zamarska, Sylwia"]
[Black "Borsuk, Aleksandra"]
[Result "1/2-1/2"]
[WhiteTitle "I++"]
[BlackTitle "I"]
[WhiteElo "1657"]
[BlackElo "1307"]

1. d4 Nf6 2. Nf3 g6 3. Nbd2 d5 4. e3 Bg7 5. Bd3 O-O 6. b3 c6 7. Bb2 Qc7 8. O-O
b6 9. c4 Nbd7 10. Rc1 Bb7 11. Re1 Qb8 12. e4 dxe4 13. Nxe4 Nxe4 14. Bxe4 Re8 15.
Qd2 c5 16. Bxb7 Qxb7 17. d5 Nf6 18. Re2 Rad8 19. Qe1 Nh5 20. Bxg7 Nxg7 21. Rc3
e6 22. Rce3 Qc8 23. dxe6 Rxe6 24. Rxe6 Nxe6 25. Rd2 Rxd2 26. Qxd2 Qd8 27. Qxd8+
Nxd8 28. a3 f6 29. Kf1 Kf7 30. Ke2 Ke6 31. Kd3 Nc6 32. Kc3 a5 33. Nd2 Ne5 34.
Nf1 Nc6 35. Ne3 Ne7 36. b4 axb4+ 37. axb4 f5 38. f4 Kd6 39. Kb3 Nc6 40. Nd5 cxb4
41. Nxb4 Nd4+ 42. Kb2 Kc5 43. Nd5 Kxc4 44. Nxb6+ Kd3 45. Nd7 Ne6 46. g3 Ke3 47.
Kc3 Kf2 48. Kd2 Kg2 49. Ke2 Kxh2 50. Kf2 Kh3 51. Kf3 Nd4+ 52. Kf2 h5 53. Ne5 h4
54. gxh4 Kxh4 55. Nxg6+ Kg4 56. Ne7 1/2-1/2

[Event "Indywidualne Mistrzostwa Polski Juniorow do lat 18 - Dziewczeta"]
[Site "Szklarska Poreba"]
[Date "1899-12-30"]
[Round "6.19"]
[White "Hryn, Zofia"]
[Black "Bohdanowicz, Nikola"]
[Result "1-0"]
[WhiteTitle "I++"]
[BlackTitle "I"]
[WhiteElo "1592"]
[BlackElo "1402"]

1. e4 c5 2. Nf3 Nc6 3. Bb5 g6 4. Bxc6 dxc6 5. O-O Bg7 6. d3 Nf6 7. h3 O-O 8. Re1
Qc7 9. c3 Rd8 10. Qc2 b6 11. Be3 e6 12. d4 cxd4 13. cxd4 Bb7 14. Nc3 Nd7 15. Rac1
c5 16. Na4 Bf8 17. dxc5 bxc5 18. b4 Rac8 19. Qb1 c4 20. Nd2 Qd6 21. a3 Qd3 22.
Nc3 Qxb1 23. Ncxb1 Ne5 24. Bg5 Rd7 25. Re2 Rdc7 26. Bf4 Bg7 27. Rc2 Ba6 28. Nc3
Rb7 29. Ndb1 Nd3 30. Be3 Rd7 31. Red2 f5 32. exf5 exf5 33. Ne2 Rdc7 34. Nbc3 Be5
35. Nd5 Rd7 36. Ndf4 g5 37. Nxd3 Rxd3 38. Rxd3 cxd3 39. Rxc8+ Bxc8 40. Nc1 Ba6
41. Bxg5 Bc4 42. Bd2 a6 43. g3 h5 44. Kg2 Bd5+ 45. f3 Bc4 46. f4 Bd4 47. g4 hxg4
48. hxg4 fxg4 49. Kg3 Kf7 50. Kxg4 Kf6 51. a4 Bb2 52. Kf3 Bd4 53. Ke4 Bb2 54.
Nxd3 Bxd3+ 55. Kxd3 Ke6 56. Kc4 Kd6 57. Bc3 Bc1 58. f5 Bh6 59. f6 Kc6 60. b5+
Kb6 61. Bd4+ Kb7 62. Kd5 axb5 63. axb5 Kc7 64. Bc5 Kd7 65. f7 Kc7 66. f8=Q Bxf8
67. Bxf8 Kb6 68. Kc4 Kb7 69. Kc5 Kc7 70. b6+ Kb7 71. Kb5 Kc8 72. Kc6 Kb8 73. Bd6+
Ka8 74. b7+ Ka7 75. b8=Q+ Ka6 76. Qb6# 1-0

[Event "Indywidualne Mistrzostwa Polski Juniorow do lat 18 - Dziewczeta"]
[Site "Szklarska Poreba"]
[Date "1899-12-30"]
[Round "7.1"]
[White "Kucharska, Honorata"]
[Black "Swiech, Joanna"]
[Result "1/2-1/2"]
[WhiteTitle "WFM"]
[BlackTitle "k"]
[WhiteElo "2089"]
[BlackElo "1921"]

1. e4 c6 2. d4 d5 3. Nc3 dxe4 4. Nxe4 Bf5 5. Ng3 Bg6 6. N1e2 Nd7 7. h4 h6 8. Nf4
Bh7 9. Bd3 Bxd3 10. Qxd3 e6 11. Bd2 Qc7 12. O-O-O O-O-O 13. Ne4 Ngf6 14. f3 Nxe4
15. Qxe4 Nf6 16. Qe3 Nd5 17. Nxd5 exd5 18. g4 Bd6 19. Qd3 Rde8 20. c3 Qd7 21.
h5 Re6 22. Rde1 Rxe1+ 23. Rxe1 Re8 24. Rxe8+ Qxe8 25. Kd1 Qe7 26. Qf5+ Kc7 27.
Bc1 Bg3 28. Bd2 Bd6 29. Bc1 Bg3 30. Bd2 Bd6 1/2-1/2

[Event "Indywidualne Mistrzostwa Polski Juniorow do lat 18 - Dziewczeta"]
[Site "Szklarska Poreba"]
[Date "1899-12-30"]
[Round "7.2"]
[White "Szelag, Zuzanna"]
[Black "Sowa, Wiktoria"]
[Result "0-1"]
[WhiteTitle "k"]
[BlackTitle "k"]
[WhiteElo "1977"]
[BlackElo "1954"]

1. e4 e5 2. Nf3 Nc6 3. Bb5 a6 4. Ba4 Nf6 5. Qe2 b5 6. Bb3 Be7 7. O-O O-O 8. Nc3
d6 9. Nd5 Bg4 10. c3 Na5 11. Nxe7+ Qxe7 12. Bc2 c5 13. d3 h6 14. h3 Be6 15. Rd1
Nc6 16. b3 d5 17. d4 exd4 18. cxd4 dxe4 19. Bxe4 Bxb3 20. axb3 Qxe4 21. Qxe4 Nxe4
22. d5 Nb4 23. Bf4 Nc3 24. Rd2 Ncxd5 25. Bd6 Rfc8 26. Ne5 c4 27. bxc4 bxc4 28.
Rc1 c3 29. Rd4 a5 30. Nc4 Na2 31. Rc2 Ndb4 32. Bxb4 axb4 33. Nb6 b3 34. Rxc3 Nxc3
35. Nxc8 Ne2+ 0-1

[Event "Indywidualne Mistrzostwa Polski Juniorow do lat 18 - Dziewczeta"]
[Site "Szklarska Poreba"]
[Date "1899-12-30"]
[Round "7.3"]
[White "Sliwicka, Alicja"]
[Black "Raczykowska, Paulina"]
[Result "1-0"]
[WhiteTitle "WIM"]
[BlackTitle "k"]
[WhiteElo "2264"]
[BlackElo "1936"]

1. e4 d6 2. d4 Nf6 3. f3 e5 4. Ne2 Be7 5. c4 c6 6. Nbc3 a5 7. Be3 Nbd7 8. b3 Qc7
9. d5 h6 10. Ng3 Nc5 11. Be2 O-O 12. O-O Nh7 13. Nf5 Bxf5 14. exf5 Rad8 15. Qc2
Rfe8 16. Rad1 Nf6 17. Kh1 Nfd7 18. Ne4 Nxe4 19. fxe4 cxd5 20. Rxd5 b6 21. Rdd1
Nf6 22. Bd3 Rc8 23. Qe2 Qc6 24. Bg1 Nd7 25. Rf3 Bf6 26. Bb1 Red8 27. a4 Nb8 28.
Be3 Rd7 29. Qf2 Rb7 30. Qd2 Kf8 31. g4 Qc7 32. h4 Bxh4 33. Bxh6 Bf6 34. Be3 Ke7
35. g5 Rh8+ 36. Kg1 Nd7 37. gxf6+ gxf6 38. Bf2 Nc5 39. Bxc5 Qxc5+ 40. Qf2 Qc6
41. Kf1 Rbb8 42. Ke2 Rh7 43. Rg1 Rbh8 44. Rfg3 Rh2 45. R1g2 Rh1 46. Bc2 R8h4 47.
Rg4 Rh5 48. Rg8 R5h4 49. R8g4 Rh5 50. Kd2 Rh7 51. Rg8 Qb7 52. Kc3 R1h3+ 53. Kb2
R7h4 54. Qd2 Rh8 55. Qd5 Qxd5 56. cxd5 Rh1 57. Rxh8 Rxh8 58. Bd3 1-0